00999nam a22003017a 4500003000500000005001700005008004100022010001000063011001000073035001000083040000900093082001300102100002800115245002700143260002900170300001900199500005700218590004100275590004100316590004100357590004200398650002800440901000700468942001000475949006200485999001700547952013300564CHAP20220329134407.0971013s1961 r 00010 d a19862 a20834 a24923 cCHAP a561bA5200aAndrews, Henry N.95701 aStudies in paleobotany aNew York :bWiley,c1961 a487 p.b: ilus aIncluye: "A Chapter on palynology, by C.J. Félix". aBATCH-UPDb10c20130110lUCH01h2057 aBATCH-UPDb10c20130410lUCH01h1410 aBATCH-UPDb10c20130914lUCH01h1856 aCONVERSIONb10c20130109lUCH01h131214aPaleobotánica.984896 aBK cLIBRO a561 A52bBCcLIBROd33724000477600eLIBROh7925i24923si c19862d19862 00102ddc4052708GRALaBCbBCcPA_GRALd2019-12-31fLIBROl0o561 A52p33724000477600r2019-12-31 00:00:00w2019-12-31yLIBRO